Multiple Choice - Allgemein - Statistiken

Allgemein
  • Dieses Quiz wurde 98 mal gespielt
    25 seit der letzten Aktualisierung
  • Das Durchschnittsergebnis liegt bei 6 aus 10
Antwortstatistiken
Frage Antwort % Korrekt
Geschichte: In welchem Jahr endete der erste Weltkrieg? 1918
88%
Physik: Welches Gebiet der Physik wird auch als "Lehre des Lichts" bezeichnet? Optik
75%
Tiere: Welches ist die größte heute lebende Delfinart? Der Orca
63%
Musik: Welches dieser Lieder stammt nicht aus den 90ern? Falco - "Vienna Calling"
63%
Politik: Wer war deutscher Bundeskanzler während den Terroranschlägen am 11. September 2001? Gerhard Schröder
50%
Religion: Wie heißt die römische Göttin der Ehe? Juno
50%
Filme: Wie heißt die dritte Episode der Star-Wars-Filmreihe? Die Rache der Sith
44%
Sport: In welchem Land fand die Fußball-Weltmeisterschaft der Herren 2018 statt? Russland
44%
Geografie: Welches dieser Länder grenzt nicht an Serbien? Slowenien
44%
Bücher: Wer schrieb Jim Knopf und Lukas der Lokomotivführer? Michael Ende
38%
Keine übereinstimmenden Quizze gefunden
Verteilung der Resultate
Anzahl Personen mit jedem Resultat
Perzentil nach korrekt beantworteten Fragen
Ihre Resultats-Entwicklung
Sie haben dieses Quiz seit der letzten Aktualisierung nicht gespielt